000 00499nam a22001937a 4500
003 NUST - PNEC
005 20170116180754.0
008 150331b xxu||||| |||| 00| 0 eng d
020 _a-
040 _cLIBRARY
082 _a297 SCH
100 _91934
_aSchuon Frithjof
245 _aIslam and the perennial philosophy
_cFrithjof Schuon
250 _a-
260 _aLahore, Pakistan
_bSuhail Academy Lahore
_cc1976.
300 _a216 p. :
650 _91936
_aIslam
_xGeneral
942 _2ddc
_cBK
999 _c62664
_d62664